Countries with second letter R - Statistics

General Stats
  • This quiz has been taken 83 times
  • The average score is 11 of 15
Answer Stats
Country % Correct
Argentina
92%
France
83%
Brazil
81%
Croatia
80%
Greece
73%
Armenia
72%
Iran
72%
Iraq
70%
Uruguay
70%
Eritrea
67%
Sri Lanka
64%
Brunei
63%
Grenada
63%
Ireland
63%
Trinidad and Tobago
56%
No matching quizzes found
Score Distribution
Percent of People with Each Score
Percentile by Number Answered
Your Score History
You have not taken this quiz